000
00367nam a2200133Ia 4500
008
100328s9999 xx 000 0 und d
082
_b
38667
100
_a
काशिकर एस.एम.
245
_a
एकच प्रहार
260
_b
पुजा
630
_a
एकच प्रहार
730
_a
एकच प्रहार
942
_c
BOOK
999
_c
527817
_d
527814